[Event "WYB18"]
[Site "Oropesa del Mar ESP"]
[Date "2001.10.26"]
[EventDate "2001.10.06"]
[Round "6"]
[Result "1-0"]
[White "Arkadij Naiditsch"]
[Black "Constantin Lupulescu"]
[WhiteElo "2540"]
[BlackElo "2467"]
[PlyCount "109"]

1. e4 c5 2. Nf3 d6 3. d4 cxd4 4. Nxd4 Nf6 5. Nc3 Nc6 6. Bg5 e6
7. Qd2 a6 8. O-O-O Nxd4 9. Qxd4 Be7 10. f3 Qc7 11. h4 b5
12. Kb1 Bb7 13. Qd2 h6 14. Be3 b4 15. Ne2 d5 16. e5 Nd7 17. f4
Nb6 18. Nd4 Nc4 19. Bxc4 dxc4 20. f5 Bd5 21. f6 gxf6 22. exf6
Bc5 23. Nf5 O-O-O 24. Bxc5 Qxc5 25. Ne7+ Kb7 26. Qe2 Bc6
27. Nxc6 Kxc6 28. b3 Kc7 29. bxc4 Rxd1+ 30. Rxd1 Rd8 31. Rxd8
Kxd8 32. Qd2+ Kc8 33. Qxh6 Qg1+ 34. Qc1 Qxg2 35. h5 a5 36. a3
bxa3 37. h6 Qf3 38. Ka2 Qxf6 39. c3 Qh4 40. Kxa3 e5 41. Qe3
Kb7 42. Qd2 Kc8 43. Qd6 Qxc4 44. Qxe5 a4 45. Qe8+ Kc7 46. Qe7+
Kc8 47. Qb4 Qd3 48. Qf8+ Kc7 49. Qxf7+ Kc6 50. Qf6+ Kb5
51. Qd4 Qg6 52. Qd7+ Kb6 53. h7 Qc2 54. Qd4+ Kc7 55. Qc4+ 1-0

[Event "WYB18"]
[Site "Oropesa del Mar ESP"]
[Date "2001.10.28"]
[EventDate "2001.10.06"]
[Round "7"]
[Result "1/2-1/2"]
[White "Zviad Izoria"]
[Black "Arkadij Naiditsch"]
[WhiteElo "2533"]
[BlackElo "2540"]
[PlyCount "37"]

1. Nf3 Nf6 2. c4 e6 3. Nc3 Bb4 4. Qc2 O-O 5. a3 Bxc3 6. Qxc3
b6 7. e3 Bb7 8. Be2 Ne4 9. Qc2 Ng5 10. h4 Nxf3+ 11. gxf3 c5
12. b4 d5 13. bxc5 bxc5 14. cxd5 Qxd5 15. Bb2 Nd7 16. Rg1 f6
17. Bc4 Qd6 18. f4 Ba6 19. f5 1/2-1/2

[Event "WYB18"]
[Site "Oropesa del Mar ESP"]
[Date "2001.10.29"]
[EventDate "2001.10.06"]
[Round "8"]
[Result "1/2-1/2"]
[White "Arkadij Naiditsch"]
[Black "Alexander Kovchan"]
[WhiteElo "2540"]
[BlackElo "2504"]
[PlyCount "128"]

1. e4 c5 2. Nf3 d6 3. d4 cxd4 4. Nxd4 Nf6 5. Nc3 a6 6. Be3 Ng4
7. Bc1 Nf6 8. Be3 Ng4 9. Bg5 h6 10. Bh4 g5 11. Bg3 Bg7 12. Qd2
Nc6 13. Nb3 Nge5 14. f3 b5 15. Bf2 Rb8 16. h4 gxh4 17. Be2 Ng6
18. f4 b4 19. Na4 Bd7 20. a3 e5 21. f5 Nf4 22. Bf3 Bf6
23. Qxd6 Be7 24. Qd2 bxa3 25. bxa3 Rg8 26. Rh2 Na5 27. Nac5
Nxb3 28. Nxb3 Ba4 29. Qxd8+ Rxd8 30. Kf1 Rc8 31. Bd1 Bb5+
32. Kg1 h5 33. Kh1 Rg3 34. a4 Bd7 35. Nd2 Ra3 36. Rxa3 Bxa3
37. Bxh4 Bxa4 38. g3 Nd3 39. Nf3 Nb2 40. Be2 Bxc2 41. Bxa6 Rc7
42. Bb5+ Kf8 43. Nd2 Kg7 44. Bd8 Rc8 45. f6+ Kg6 46. Be7 Rc3
47. Be2 Bxe7 48. fxe7 Ba4 49. Rf2 Rc7 50. Nf3 Rxe7 51. Nh4+
Kh7 52. Bxh5 Nd3 53. Rxf7+ Rxf7 54. Bxf7 Nc5 55. Kg2 Bc2
56. Bg6+ Kh6 57. Kf3 Kg5 58. Bf5 Bd1+ 59. Ke3 Bg4 60. Bh7 Bd1
61. Kd2 Ba4 62. Ke2 Bc2 63. Kf3 Bd1+ 64. Kf2 Bc2 1/2-1/2

[Event "WYB18"]
[Site "Oropesa del Mar ESP"]
[Date "2001.10.30"]
[EventDate "2001.10.06"]
[Round "9"]
[Result "1-0"]
[White "Jan Werle"]
[Black "Arkadij Naiditsch"]
[WhiteElo "2459"]
[BlackElo "2540"]
[PlyCount "57"]

1. Nf3 Nf6 2. c4 e6 3. Nc3 Bb4 4. Qc2 c5 5. a3 Ba5 6. e3 O-O
7. Be2 d6 8. d4 Nbd7 9. O-O Bxc3 10. Qxc3 b6 11. b4 Bb7
12. Bb2 Qe7 13. Rfd1 Ne4 14. Qb3 Rab8 15. Nd2 Nef6 16. dxc5
dxc5 17. b5 Rfd8 18. Bf3 Bxf3 19. Nxf3 e5 20. Qc3 Re8 21. h3
Rbd8 22. a4 e4 23. Nh4 Qf8 24. Rd2 Rb8 25. Rad1 Ne5 26. Qxe5
Rxe5 27. Bxe5 Rc8 28. Nf5 Qe8 29. Nh6+ 1-0

[Event "WYB18"]
[Site "Oropesa del Mar ESP"]
[Date "2001.11.01"]
[EventDate "2001.10.06"]
[Round "10"]
[Result "1-0"]
[White "Arkadij Naiditsch"]
[Black "Dmitry Schneider"]
[WhiteElo "2540"]
[BlackElo "2401"]
[PlyCount "85"]

1. e4 e6 2. d4 d5 3. Nd2 Nf6 4. e5 Nfd7 5. Bd3 c5 6. c3 cxd4
7. cxd4 Nc6 8. Ne2 f6 9. exf6 Nxf6 10. Nf3 Qc7 11. O-O Bd6
12. Bg5 O-O 13. Bh4 e5 14. dxe5 Nxe5 15. Nxe5 Bxe5 16. Bg3
Bxg3 17. Nxg3 Qf4 18. Rc1 Kh8 19. Nh5 Nxh5 20. Qxh5 Bf5 21. g3
Qg4 22. Qxg4 Bxg4 23. Rc7 Bf3 24. Rxb7 Rab8 25. Rxb8 Rxb8
26. Rc1 g5 27. Rc2 Re8 28. Kf1 Re7 29. Be2 Be4 30. Rd2 Rf7
31. Bh5 Rf6 32. f3 Bb1 33. a3 Ba2 34. Bg4 Kg7 35. Kf2 Kg6
36. Ke3 Rf7 37. Kd4 h5 38. Be6 Rxf3 39. Bxd5 Bxd5 40. Kxd5 h4
41. gxh4 gxh4 42. a4 Kh5 43. b4 1-0

[Event "WYB18"]
[Site "Oropesa del Mar ESP"]
[Date "2001.11.02"]
[EventDate "2001.10.06"]
[Round "11"]
[Result "1-0"]
[White "Artyom Timofeev"]
[Black "Arkadij Naiditsch"]
[WhiteElo "2517"]
[BlackElo "2540"]
[PlyCount "95"]

1. e4 c5 2. Nf3 d6 3. d4 cxd4 4. Nxd4 Nf6 5. Nc3 a6 6. Be3 e5
7. Nf3 Qc7 8. Bg5 Nbd7 9. a4 Be7 10. Nd2 h6 11. Bxf6 Nxf6
12. Bc4 Be6 13. Qe2 Rc8 14. Bb3 O-O 15. O-O Rfd8 16. Qd3 Bxb3
17. Nxb3 d5 18. exd5 Bb4 19. Ne4 Nxd5 20. Qf3 Nf4 21. g3 Ne6
22. c3 Be7 23. Rfe1 Qb6 24. Nbd2 Rc7 25. b3 Bg5 26. a5 Qb5
27. Nc4 Qxb3 28. Nxe5 Qd5 29. Qf5 f6 30. Rad1 Qxe5 31. Qxe6+
Qxe6 32. Rxd8+ Kf7 33. Nd6+ Qxd6 34. Rxd6 f5 35. Rb1 Bf6
36. Rdb6 Rc5 37. Rxb7+ Kg8 38. c4 Rxa5 39. Rc7 Ra2 40. Rc1 Bd4
41. c5 Bxf2+ 42. Kf1 Be3 43. Rc3 f4 44. c6 Bd4 45. Rc8+ Kh7
46. c7 Bxc3 47. Re8 Ra1+ 48. Kg2 1-0

[Event "ch-GER"]
[Site "Altenkirchen GER"]
[Date "2001.11.30"]
[EventDate "2001.11.30"]
[Round "1"]
[Result "1-0"]
[White "Arkadij Naiditsch"]
[Black "David Baramidze"]
[WhiteElo "2540"]
[BlackElo "2335"]
[PlyCount "111"]

1. e4 c5 2. Nc3 Nc6 3. Nge2 e5 4. Nd5 Nge7 5. Nec3 Nxd5
6. Nxd5 d6 7. a3 Be6 8. b4 Qd7 9. Bb5 Rc8 10. Bb2 a6 11. Bc4
Bxd5 12. exd5 Ne7 13. Ba2 c4 14. d3 c3 15. Bc1 g6 16. d4 Bg7
17. dxe5 Bxe5 18. O-O O-O 19. f4 Bg7 20. g4 Rfe8 21. Re1 Kh8
22. Be3 Ng8 23. h3 Re7 24. Qf3 Rce8 25. Bf2 b5 26. Rxe7 Rxe7
27. Re1 Qe8 28. Kf1 h6 29. Bb3 Kh7 30. Bh4 g5 31. fxg5 Rxe1+
32. Bxe1 Qe5 33. gxh6 Nxh6 34. Bg3 Qe7 35. Qe2 Qg5 36. h4 Qc1+
37. Qe1 Qxe1+ 38. Kxe1 Bf8 39. Ke2 Nxg4 40. Kd3 Ne5+ 41. Kxc3
f5 42. Kd4 Bg7 43. Ke3 Kg6 44. c3 Bf6 45. Bd1 Nc4+ 46. Kd3
Nb2+ 47. Kc2 Nxd1 48. Kxd1 Bxc3 49. Bxd6 Bf6 50. Bg3 f4
51. Be1 Kf5 52. Ke2 Ke4 53. d6 f3+ 54. Kf1 Kd5 55. Bg3 Ke6
56. h5 1-0

[Event "ch-GER"]
[Site "Altenkirchen GER"]
[Date "2001.12.01"]
[EventDate "2001.11.30"]
[Round "2"]
[Result "1-0"]
[White "Tobias Jugelt"]
[Black "Arkadij Naiditsch"]
[WhiteElo "2420"]
[BlackElo "2540"]
[PlyCount "95"]

1. d4 Nf6 2. Nf3 e6 3. Bf4 b6 4. e3 Be7 5. Nbd2 Bb7 6. Bd3 c5
7. Bxb8 Rxb8 8. c3 Nd5 9. O-O O-O 10. a3 f5 11. Qe2 cxd4
12. cxd4 Rc8 13. Ba6 Qc7 14. Bxb7 Qxb7 15. Rfc1 b5 16. Nb3 d6
17. Ne1 a6 18. Nd3 Nb6 19. Na5 Qa8 20. Nb4 e5 21. Qd2 e4
22. Nbc6 Bf6 23. Qb4 Nc4 24. a4 Bd8 25. Nxd8 Nxa5 26. Qxa5
Rxc1+ 27. Rxc1 Qxd8 28. Qxa6 bxa4 29. Qxa4 h5 30. Qb3+ Kh7
31. Qd5 Qf6 32. b4 Qg6 33. b5 f4 34. exf4 Rxf4 35. g3 h4
36. Re1 h3 37. b6 Qg4 38. Qb3 Rf3 39. Qd1 e3 40. Qc2+ Kh6
41. Rxe3 Rxe3 42. fxe3 Qe6 43. Qd3 d5 44. b7 Qe8 45. Qe2 Qb8
46. Qa6+ Kh5 47. Qa8 Qc7 48. Qc8 1-0

[Event "ch-GER"]
[Site "Altenkirchen GER"]
[Date "2001.12.02"]
[EventDate "2001.11.30"]
[Round "3"]
[Result "1-0"]
[White "Arkadij Naiditsch"]
[Black "Christian Schramm"]
[WhiteElo "2540"]
[BlackElo "2359"]
[PlyCount "49"]

1. e4 c6 2. d4 d5 3. Nc3 dxe4 4. Nxe4 Nd7 5. Ng5 Ngf6 6. Bd3
e6 7. N1f3 h6 8. Nxe6 Qe7 9. O-O fxe6 10. Bg6+ Kd8 11. c4 Rg8
12. a4 Nb8 13. Re1 Bd7 14. b4 Be8 15. Bxe8 Qxe8 16. Qb3 Nbd7
17. b5 c5 18. Ba3 Rc8 19. a5 b6 20. axb6 axb6 21. Qd3 Qf7
22. dxc5 Bxc5 23. Ne5 Qh5 24. Bxc5 bxc5 25. Qd6 1-0

[Event "ch-GER"]
[Site "Altenkirchen GER"]
[Date "2001.12.03"]
[EventDate "2001.11.30"]
[Round "4"]
[Result "1/2-1/2"]
[White "Igor Berezovsky"]
[Black "Arkadij Naiditsch"]
[WhiteElo "2432"]
[BlackElo "2540"]
[PlyCount "122"]

1. d4 Nf6 2. c4 e6 3. Nf3 Bb4+ 4. Bd2 Qe7 5. g3 Nc6 6. Nc3
Bxc3 7. Bxc3 Ne4 8. Rc1 d6 9. d5 Nxc3 10. Rxc3 Nb8 11. dxe6
fxe6 12. Bg2 O-O 13. O-O a5 14. c5 d5 15. Ne5 Nc6 16. Nxc6
bxc6 17. e4 Ba6 18. Re1 Rad8 19. exd5 cxd5 20. Qd4 Qf6
21. Qxf6 Rxf6 22. Ra3 e5 23. Rxa5 e4 24. Rd1 Bd3 25. Rd2 d4
26. f3 exf3 27. Rxd3 fxg2 28. Ra4 Re8 29. Rd2 d3 30. Kxg2 Rf5
31. Rd4 Rxc5 32. R4xd3 Re7 33. Rd8+ Kf7 34. R8d7 Rxd7
35. Rxd7+ Kf6 36. Rd2 Rc1 37. Re2 h5 38. Kf3 Kf5 39. Ke3 Kg4
40. Kd2 Ra1 41. a3 g5 42. Re1 Rxe1 43. Kxe1 Kh3 44. a4 Kxh2
45. a5 h4 46. gxh4 g4 47. a6 g3 48. a7 g2 49. a8=Q g1=Q+
50. Ke2 Qd4 51. Qb7 c5 52. h5 Qe5+ 53. Kf2 Qg3+ 54. Ke2 Qe5+
55. Kd3 Qxh5 56. Qe4 Qh8 57. b3 Qb8 58. Kc3 Qb6 59. Qe2+ Kh3
60. Qe3+ Kg4 61. Qe4+ Kg5 1/2-1/2

[Event "ch-GER"]
[Site "Altenkirchen GER"]
[Date "2001.12.04"]
[EventDate "2001.11.30"]
[Round "5"]
[Result "1-0"]
[White "Arkadij Naiditsch"]
[Black "Sergey Leonidovich Kalinitschew"]
[WhiteElo "2540"]
[BlackElo "2487"]
[PlyCount "91"]

1. e4 e6 2. d4 d5 3. Nd2 Nf6 4. e5 Nfd7 5. Bd3 c5 6. c3 Nc6
7. Ne2 cxd4 8. cxd4 f6 9. exf6 Nxf6 10. Nf3 Qc7 11. O-O Bd6
12. Bg5 O-O 13. Bh4 Nh5 14. Qc2 h6 15. Bg6 Rxf3 16. gxf3 Bxh2+
17. Kh1 Nf4 18. Ng3 Qb6 19. Rac1 Bd7 20. Kxh2 Nxd4 21. Qc7
Nxf3+ 22. Kh1 Nxg6 23. Qxd7 Ngxh4 24. Rc7 Qd4 25. Nh5 Kh8
26. Qxg7+ Qxg7 27. Rxg7 Rg8 28. Rf7 Rc8 29. Rxb7 Kg8 30. Nf4
d4 31. Nd3 e5 32. Rc1 Re8 33. Rcc7 Nf5 34. Nc5 Ng5 35. f3 a5
36. Nd7 Kf7 37. Nxe5+ Ke6 38. Rb5 Ne7 39. f4 Ne4 40. Nf3 d3
41. Re5+ Kd6 42. Rc4 Ng3+ 43. Kh2 Rg8 44. Rd4+ Kc6 45. Nd2 Ne2
46. Re6+ 1-0

[Event "ch-GER"]
[Site "Altenkirchen GER"]
[Date "2001.12.05"]
[EventDate "2001.11.30"]
[Round "6"]
[Result "1/2-1/2"]
[White "Michael Prusikin"]
[Black "Arkadij Naiditsch"]
[WhiteElo "2502"]
[BlackElo "2540"]
[PlyCount "92"]

1. d4 Nf6 2. Nf3 e6 3. c4 Bb4+ 4. Nbd2 O-O 5. a3 Be7 6. e3 c5
7. Bd3 cxd4 8. exd4 b6 9. O-O d5 10. b3 Bb7 11. Bb2 Nbd7
12. Qe2 Re8 13. Rad1 dxc4 14. bxc4 Qc7 15. Rfe1 Rad8 16. h3
Qb8 17. Qe3 Bc6 18. Rb1 Bd6 19. Bf1 Bf4 20. Qe2 Qa8 21. Bc3
Bb7 22. Qd1 e5 23. dxe5 Ne4 24. Nxe4 Bxe4 25. Bd3 Bxd3
26. Qxd3 Nxe5 27. Qe4 Qxe4 28. Rxe4 Nxf3+ 29. gxf3 Rxe4
30. fxe4 h5 31. a4 Rc8 32. a5 Rxc4 33. axb6 Rxc3 34. b7 Kh7
35. b8=Q Bxb8 36. Rxb8 Kg6 37. Kg2 Kf6 38. Rb5 g6 39. Ra5 Rc7
40. f4 Ke7 41. h4 Kd7 42. f5 Kc8 43. fxg6 fxg6 44. Ra6 Rg7
45. Kf3 Kb7 46. Rf6 a5 1/2-1/2

[Event "ch-GER"]
[Site "Altenkirchen GER"]
[Date "2001.12.06"]
[EventDate "2001.11.30"]
[Round "7"]
[Result "1-0"]
[White "Arkadij Naiditsch"]
[Black "Raj Tischbierek"]
[WhiteElo "2540"]
[BlackElo "2493"]
[PlyCount "55"]

1. e4 g6 2. d4 Bg7 3. Nc3 d6 4. Be3 a6 5. Qd2 b5 6. h4 h5
7. f3 Nd7 8. Nh3 e6 9. Ng5 Ne7 10. a4 b4 11. Ne2 a5 12. Nf4
Nf6 13. Bb5+ c6 14. Be2 Qc7 15. O-O-O Bd7 16. g4 hxg4 17. fxg4
Nh7 18. Nxh7 Rxh7 19. h5 O-O-O 20. hxg6 Rxh1 21. Rxh1 Nxg6
22. Rh7 Nxf4 23. Ba6+ Kb8 24. Rxg7 Rh8 25. b3 Rh1+ 26. Kb2 Qb6
27. Bxf4 Qxa6 28. Bxd6+ 1-0

[Event "Open"]
[Site "Cappelle la Grande FRA"]
[Date "2001.02.27"]
[EventDate "2001.02.24"]
[Round "5"]
[Result "1-0"]
[White "Arkadij Naiditsch"]
[Black "Colin A Costello"]
[WhiteElo "2484"]
[BlackElo "2057"]
[PlyCount "57"]

1. e4 e6 2. d4 d5 3. Nd2 dxe4 4. Nxe4 Nd7 5. g3 Ngf6 6. Nxf6+
Nxf6 7. Bg2 c5 8. Nf3 cxd4 9. Qxd4 Qxd4 10. Nxd4 Bc5 11. Nb3
Bd6 12. O-O Rb8 13. Rd1 Ke7 14. Na5 Bc7 15. Bd2 Rd8 16. Bb4+
Ke8 17. Rxd8+ Kxd8 18. Rd1+ Ke8 19. Nc4 Bd7 20. Bd6 Bxd6
21. Nxd6+ Ke7 22. Nxb7 Nd5 23. Nc5 Bc6 24. c4 Nb4 25. Bxc6
Nxc6 26. Rd7+ Kf6 27. Rc7 Ne5 28. f4 Nf3+ 29. Kf2 1-0

[Event "Open"]
[Site "Cappelle la Grande FRA"]
[Date "2001.03.01"]
[EventDate "2001.02.24"]
[Round "7"]
[Result "1/2-1/2"]
[White "Arkadij Naiditsch"]
[Black "Alexey Kuzmin"]
[WhiteElo "2484"]
[BlackElo "2588"]
[PlyCount "81"]

1. e4 c5 2. Nf3 g6 3. d4 Bg7 4. dxc5 Qa5+ 5. Nc3 Bxc3+ 6. bxc3
Qxc3+ 7. Bd2 Qxc5 8. Bd3 Nf6 9. Rb1 d6 10. Rb5 Qc7 11. O-O O-O
12. Qa1 Nc6 13. Ng5 b6 14. f4 Ba6 15. Rbb1 Bxd3 16. cxd3 Qd7
17. Rbe1 Ne8 18. f5 Ng7 19. f6 exf6 20. Qxf6 Ne5 21. Nf3 Qe6
22. Qh4 f6 23. d4 Nxf3+ 24. Rxf3 Qxa2 25. Bc3 d5 26. Bb4 Rf7
27. Rxf6 dxe4 28. Qxe4 Re8 29. Qf3 Rxe1+ 30. Bxe1 Rxf6
31. Qxf6 Qd5 32. Bf2 Nf5 33. Qg5 Kg7 34. g4 h6 35. Qc1 Nd6
36. Qc7+ Kf6 37. Qd8+ Kf7 38. Qd7+ Kf6 39. Qd8+ Kg7 40. Qd7+
Kf6 41. Qd8+ 1/2-1/2

[Event "Open"]
[Site "Bad Woerishofen GER"]
[Date "2001.03.17"]
[EventDate "2001.03.15"]
[Round "3"]
[Result "0-1"]
[White "Harald Lieb"]
[Black "Arkadij Naiditsch"]
[WhiteElo "2259"]
[BlackElo "2484"]
[PlyCount "64"]

1. Nf3 Nf6 2. c4 e6 3. g3 d5 4. d4 dxc4 5. Qa4+ Nbd7 6. Bg2 a6
7. Qxc4 c5 8. Qc2 b6 9. O-O Bb7 10. Nc3 Rc8 11. dxc5 Bxc5
12. Bg5 h6 13. Bxf6 Nxf6 14. Rfd1 Qc7 15. Nd4 O-O 16. Bxb7
Qxb7 17. a3 b5 18. e3 Rfd8 19. Nb3 Rxd1+ 20. Rxd1 Bxa3
21. bxa3 Nd5 22. Qe4 Rxc3 23. Nd4 Qc8 24. Rd3 Rc1+ 25. Kg2 Qc4
26. Kf3 Nf6 27. Qa8+ Kh7 28. Rd2 Qf1 29. Qxa6 Qh1+ 30. Ke2
Re1+ 31. Kd3 Qe4+ 32. Kc3 Nd5+ 0-1

[Event "Open"]
[Site "Bad Woerishofen GER"]
[Date "2001.03.18"]
[EventDate "2001.03.15"]
[Round "4"]
[Result "1/2-1/2"]
[White "Arkadij Naiditsch"]
[Black "Vladimir Epishin"]
[WhiteElo "2484"]
[BlackElo "2578"]
[PlyCount "107"]

1. e4 c6 2. d4 d5 3. Nc3 dxe4 4. Nxe4 Bf5 5. Ng3 Bg6 6. Bc4 e6
7. N1e2 Bd6 8. h4 Nf6 9. h5 Be4 10. Nxe4 Nxe4 11. Qd3 Nf6
12. Bd2 Nbd7 13. O-O-O Qc7 14. Qf3 h6 15. g4 Nd5 16. Bb3 b5
17. g5 hxg5 18. Bxg5 a5 19. h6 gxh6 20. Bxh6 a4 21. Bxd5 cxd5
22. Bg5 Rxh1 23. Rxh1 Rc8 24. c3 a3 25. b3 b4 26. Kb1 bxc3
27. Kc2 Nf8 28. Rh8 Be7 29. Bh6 Qb6 30. Bg7 e5 31. Bxe5 Qg6+
32. Kc1 c2 33. Bf4 Qa6 34. Ng3 Bf6 35. Qe3+ Kd7 36. Rh5 Qe6
37. Be5 Be7 38. Nf5 Ng6 39. Nxe7 Nxe7 40. Qd3 Ng6 41. Qb5+ Qc6
42. Qxc6+ Rxc6 43. Bg3 Ke6 44. Rh1 Ne7 45. Re1+ Kd7 46. Bf4 f6
47. Re3 Ng6 48. Bb8 Nf8 49. Rd3 Ne6 50. Ba7 Kc7 51. b4 Rc4
52. Bc5 Nxc5 53. bxc5 Kc6 54. Rxa3 1/2-1/2

[Event "Open"]
[Site "Bad Woerishofen GER"]
[Date "2001.03.21"]
[EventDate "2001.03.15"]
[Round "7"]
[Result "0-1"]
[White "Peter Rahls"]
[Black "Arkadij Naiditsch"]
[WhiteElo "2308"]
[BlackElo "2484"]
[PlyCount "80"]

1. e4 c5 2. c3 d5 3. exd5 Qxd5 4. d4 Nf6 5. Nf3 Bg4 6. Nbd2
Nc6 7. Bc4 Bxf3 8. Qb3 Na5 9. Qb5+ Qd7 10. Qxa5 b6 11. Qa3
Bxg2 12. Rg1 Bd5 13. Bxd5 Qxd5 14. dxc5 Qxc5 15. Qxc5 bxc5
16. Nb3 e6 17. Be3 Rc8 18. O-O-O Nd5 19. Bd2 c4 20. Nd4 g6
21. Ne2 Bd6 22. h4 h5 23. Kc2 a5 24. Ng3 Be7 25. Ne4 Rc6
26. Bg5 Bxg5 27. Rxg5 Ke7 28. Rd4 Rd8 29. Nd2 Nb4+ 30. Kb1
Rxd4 31. cxd4 Nd5 32. Ne4 Rc8 33. Rg3 Rd8 34. Ra3 Nb4 35. Rxa5
Rxd4 36. Ra7+ Kf8 37. Nc3 Rxh4 38. Kc1 Rf4 39. Rb7 Nd3+
40. Kd2 h4 0-1

[Event "Open"]
[Site "Bad Woerishofen GER"]
[Date "2001.03.22"]
[EventDate "2001.03.15"]
[Round "8"]
[Result "1/2-1/2"]
[White "Arkadij Naiditsch"]
[Black "Valerij Filippov"]
[WhiteElo "2484"]
[BlackElo "2619"]
[PlyCount "95"]

1. e4 c5 2. Nf3 e6 3. d4 cxd4 4. Nxd4 Nf6 5. Nc3 Nc6 6. Ndb5
d6 7. Bf4 e5 8. Bg5 a6 9. Na3 b5 10. Bxf6 gxf6 11. Nd5 f5
12. c3 Bg7 13. exf5 Bxf5 14. Nc2 Be6 15. a4 bxa4 16. Rxa4 O-O
17. Nce3 f5 18. Bc4 Kh8 19. Nb6 Qxb6 20. Bxe6 Qxb2 21. O-O f4
22. Nf5 Qb6 23. Qg4 Bf6 24. Nxd6 Nd8 25. Rd1 a5 26. Bd5 Ra7
27. Ne4 Rg7 28. Qh5 Nf7 29. h4 Rg6 30. Bxf7 Rxf7 31. Nxf6 Qxf6
32. Rxa5 Rfg7 33. Ra8+ Rg8 34. Rxg8+ Rxg8 35. Re1 f3 36. g3
Rxg3+ 37. fxg3 f2+ 38. Kf1 fxe1=R+ 39. Kxe1 e4 40. Qe8+ Kg7
41. Qd7+ Kh6 42. Qd2+ Kg6 43. Qg5+ Qxg5 44. hxg5 Kxg5 45. Kf2
h5 46. c4 Kf5 47. Ke3 Ke5 48. c5 1/2-1/2

[Event "Open"]
[Site "Bad Woerishofen GER"]
[Date "2001.03.23"]
[EventDate "2001.03.15"]
[Round "9"]
[Result "0-1"]
[White "Laszlo Krizsany"]
[Black "Arkadij Naiditsch"]
[WhiteElo "2455"]
[BlackElo "2484"]
[PlyCount "76"]

1. d4 Nf6 2. c4 e6 3. Nf3 Bb4+ 4. Bd2 Qe7 5. g3 Nc6 6. Bg2
Bxd2+ 7. Nbxd2 d6 8. O-O a5 9. e4 e5 10. d5 Nb8 11. Ne1 O-O
12. Nd3 Na6 13. b3 c6 14. a3 Bd7 15. dxc6 bxc6 16. f4 Ng4
17. Qe2 Nh6 18. c5 Nxc5 19. Nxc5 dxc5 20. f5 f6 21. Rac1 Nf7
22. Qc4 Rfd8 23. Qxc5 Qxc5+ 24. Rxc5 a4 25. b4 Nd6 26. Rfc1
Nb5 27. Nb1 Nd4 28. Bf1 g6 29. g4 h5 30. h3 hxg4 31. hxg4 Kg7
32. R1c3 Nb3 33. R5c4 c5 34. Rxc5 Nxc5 35. bxc5 Bc6 36. Bd3
Rab8 37. Nd2 Rb2 38. Nc4 Rb3 0-1

[Event "Unilog-Integrata GM"]
[Site "Griesheim GER"]
[Date "2002.01.23"]
[EventDate "2002.01.23"]
[Round "1"]
[Result "1-0"]
[White "Roland Schmaltz"]
[Black "Arkadij Naiditsch"]
[WhiteElo "2534"]
[BlackElo "2532"]
[PlyCount "81"]

1. e4 c5 2. Nf3 d6 3. d4 cxd4 4. Nxd4 Nf6 5. Nc3 a6 6. f4 e5
7. Nf3 Nbd7 8. Bd3 g6 9. O-O Bg7 10. Kh1 O-O 11. Qe1 Nh5
12. f5 Nf4 13. Bc4 b5 14. Bxf4 exf4 15. Bd5 Rb8 16. fxg6 hxg6
17. Qd2 Qf6 18. Ne2 g5 19. h4 g4 20. Ng5 Qh6 21. Qxf4 Qxh4+
22. Kg1 Bh6 23. Nf3 Qh5 24. Qh2 Qxh2+ 25. Nxh2 Nb6 26. Rad1
Nxd5 27. Rxd5 Be6 28. Rxd6 Rbc8 29. Nf4 g3 30. Ng4 Bxf4
31. Rxf4 Rxc2 32. Nf6+ Kh8 33. Rh4+ Kg7 34. Nh5+ Kg6 35. Nxg3
Kg5 36. Rh5+ Kg4 37. Kh2 Rxb2 38. e5 Kf4 39. Rd4+ Ke3 40. Rhh4
Bc4 41. Rhe4+ 1-0

[Event "Unilog-Integrata GM"]
[Site "Griesheim GER"]
[Date "2002.01.25"]
[EventDate "2002.01.23"]
[Round "3"]
[Result "0-1"]
[White "Robert Kempinski"]
[Black "Arkadij Naiditsch"]
[WhiteElo "2576"]
[BlackElo "2532"]
[PlyCount "62"]

1. d4 Nf6 2. c4 e6 3. Nf3 Bb4+ 4. Nbd2 O-O 5. a3 Be7 6. e4 d5
7. e5 Nfd7 8. Bd3 c5 9. Qc2 h6 10. O-O Nc6 11. Re1 a5 12. cxd5
exd5 13. Qd1 Re8 14. Bb1 Nf8 15. dxc5 Bxc5 16. Nb3 Bb6 17. Bf4
Bg4 18. Bg3 Bc7 19. h3 Bxf3 20. Qxf3 Bxe5 21. Bxe5 Nxe5
22. Qd1 Qg5 23. Ba2 Nfg6 24. Re3 Nf4 25. Rg3 Qf6 26. Kh1 h5
27. Nd4 h4 28. Re3 Ned3 29. Rxd3 Qg6 30. Bxd5 Nxd3 31. Qf3
Rad8 0-1

[Event "Unilog-Integrata GM"]
[Site "Griesheim GER"]
[Date "2002.01.26"]
[EventDate "2002.01.23"]
[Round "4"]
[Result "1/2-1/2"]
[White "Arkadij Naiditsch"]
[Black "Artur Jakubiec"]
[WhiteElo "2532"]
[BlackElo "2518"]
[PlyCount "104"]

1. e4 c5 2. Nf3 Nc6 3. d4 cxd4 4. Nxd4 Nf6 5. Nc3 e5 6. Ndb5
d6 7. Bg5 a6 8. Na3 b5 9. Bxf6 gxf6 10. Nd5 f5 11. Bxb5 axb5
12. Nxb5 Ra4 13. b4 Rxb4 14. Nbc7+ Kd7 15. O-O Qxc7 16. c3
Rxe4 17. Qh5 Kd8 18. Nxc7 Kxc7 19. Qxf7+ Be7 20. Rab1 Ba6
21. Rfd1 Rf8 22. Qb3 Rb8 23. Qe6 Bc4 24. Qxf5 Rxb1 25. Rxb1
Bd3 26. Rf1 d5 27. Qe6 Bxf1 28. Kxf1 d4 29. cxd4 Rxd4 30. g3
Rd6 31. Qc4 h6 32. Qc3 Rd4 33. h4 Bb4 34. Qc2 Kb6 35. Kg2 Bc5
36. h5 Be7 37. Qb3+ Kc7 38. Qf7 Rd7 39. a4 Bg5 40. Qf5 Bd2
41. Qe6 Re7 42. Qd5 Bc3 43. Qc4 Bd2 44. Qd5 Rd7 45. Qe6 Rd6
46. Qf7+ Kb6 47. Qb3+ Bb4 48. Qc4 Rf6 49. Qh4 Rf8 50. Qe4 Rf6
51. Qh4 Rd6 52. Qc4 Rf6 1/2-1/2

[Event "Unilog-Integrata GM"]
[Site "Griesheim GER"]
[Date "2002.01.28"]
[EventDate "2002.01.23"]
[Round "6"]
[Result "1-0"]
[White "Arkadij Naiditsch"]
[Black "Leonid Milov"]
[WhiteElo "2532"]
[BlackElo "2470"]
[PlyCount "93"]

1. e4 c5 2. Nf3 e6 3. d4 cxd4 4. Nxd4 Nc6 5. Nb5 d6 6. c4 Nf6
7. N1c3 a6 8. Na3 b6 9. Be2 Bb7 10. O-O Be7 11. Be3 Ne5 12. f3
O-O 13. Qd4 Ned7 14. Rfd1 Re8 15. Qd2 d5 16. cxd5 exd5
17. exd5 b5 18. Nc2 Bd6 19. a3 Qc7 20. Kh1 Nb6 21. Bd4 Nbd7
22. Bg1 Rac8 23. Bf1 Nb6 24. Ne3 Bf4 25. d6 Qc5 26. Ng4 Qg5
27. Nxf6+ gxf6 28. Qd3 Nd7 29. Ne2 Be5 30. Qd2 Qxd2 31. Rxd2
f5 32. f4 Bf6 33. Ng3 Be4 34. a4 bxa4 35. Bxa6 Rb8 36. Rxa4
Bxb2 37. Rc4 Bg7 38. Rc7 Red8 39. Nh5 Ba1 40. h3 Kf8 41. Kh2
Bh8 42. Bf2 Ba1 43. Bh4 f6 44. Bc4 Bc3 45. Ra2 Bd4 46. Be6 Rb7
47. Bxf5 1-0

[Event "Unilog-Integrata GM"]
[Site "Griesheim GER"]
[Date "2002.01.29"]
[EventDate "2002.01.23"]
[Round "7"]
[Result "0-1"]
[White "Miroslav Grabarczyk"]
[Black "Arkadij Naiditsch"]
[WhiteElo "2495"]
[BlackElo "2532"]
[PlyCount "80"]

1. d4 Nf6 2. c4 e6 3. Nf3 Bb4+ 4. Bd2 Qe7 5. g3 Nc6 6. Nc3
Bxc3 7. Bxc3 Ne4 8. Qc2 Nxc3 9. Qxc3 O-O 10. Bg2 d6 11. d5 Nd8
12. O-O e5 13. c5 f5 14. Rac1 Nf7 15. cxd6 cxd6 16. Qc7 Qf6
17. Rc4 b5 18. Rc2 e4 19. Nd2 Ne5 20. Rfc1 a5 21. Qb6 Bd7
22. Rc7 Be8 23. Qd4 Bh5 24. f3 Rae8 25. f4 Ng4 26. Nb3 a4
27. Qxf6 Nxf6 28. Nd4 Nxd5 29. Rd7 Rf6 30. Rb7 b4 31. Ra7 Rff8
32. Ra5 Ne3 33. Rc7 Rc8 34. Raa7 Bf7 35. a3 b3 36. Kf2 Nd1+
37. Ke1 Nxb2 38. Nxf5 Nd3+ 39. Kd2 Rxc7 40. Rxc7 b2 0-1

[Event "Unilog-Integrata GM"]
[Site "Griesheim GER"]
[Date "2002.01.30"]
[EventDate "2002.01.23"]
[Round "8"]
[Result "1-0"]
[White "Arkadij Naiditsch"]
[Black "Robert Ruck"]
[WhiteElo "2532"]
[BlackElo "2581"]
[PlyCount "103"]

1. e4 c5 2. Nf3 d6 3. d4 cxd4 4. Nxd4 Nf6 5. Nc3 a6 6. Be3 Ng4
7. Bg5 h6 8. Bh4 g5 9. Bg3 Bg7 10. h3 Ne5 11. Nf5 Bxf5
12. exf5 Nbd7 13. Nd5 Rc8 14. c3 Qa5 15. Be2 Nb6 16. Nxb6 Qxb6
17. Qb3 Qxb3 18. axb3 Nd7 19. O-O Be5 20. f4 Bf6 21. b4 O-O
22. Rfe1 Nb6 23. Bf3 Rc7 24. Re2 Rb8 25. Kf2 Rc4 26. Re4 Kf8
27. Ra2 Rxe4 28. Bxe4 Ke8 29. Ke2 Kd7 30. Kd3 Kc7 31. c4 Rg8
32. b3 Nd7 33. Bd5 Rg7 34. Re2 h5 35. c5 gxf4 36. Bxf4 Be5
37. Be3 dxc5 38. bxc5 Nb8 39. Ke4 f6 40. Rd2 Rh7 41. Be6 Rh8
42. Rd3 Kc6 43. b4 Kb5 44. Bd2 Nc6 45. Rd7 Rb8 46. g4 hxg4
47. hxg4 Bg3 48. Bd5 Nxb4 49. Be3 Be1 50. Bxb7 a5 51. c6 Nxc6
52. Rd5+ 1-0